| 000 | 00666nam a2200205 a 4500 | ||
|---|---|---|---|
| 001 | 000043292 | ||
| 005 | 20201002040808.0 | ||
| 008 | 140304s1983 sp 001 0 spa d | ||
| 020 | _a8432047384 | ||
| 040 |
_aDO-SdBNP _bspa _cBNPHU |
||
| 100 | 1 |
_aWickert, Erwin _970927 |
|
| 240 | 1 | 0 | _aChina von innen gasehen |
| 245 | 1 | 0 |
_aChina : _bVista desde dentro / _cErwin Wickert; traducción Joaquín Adsuar Ortega. |
| 260 |
_aBarcelona : _bPlaneta, _c1983. |
||
| 490 | 1 | _aAl filo del tiempo | |
| 500 | _aIncluye notas a pie de página | ||
| 500 | _aIncluye índice onómastico | ||
| 700 | 1 | 2 |
_aAdsuar Ortega, Joaquín _etrad. _970928 |
| 830 | 0 |
_aAl filo del tiempo _948175 |
|
| 999 |
_c42781 _d42781 |
||